LEADER 00926nam0-22003251i-450 001 990007510740403321 005 20190510124331.0 035 $a000751074 035 $aFED01000751074 035 $a(Aleph)000751074FED01 035 $a000751074 100 $a20030814d1912----km-y0itay50------ba 101 0 $aita 102 $aIT 105 $aa-------001yy 200 1 $a<>Brianza$fUgo Nebbia 210 $aBergamo$cIstituto Italiano d'Arti Grafiche Editore$d1912 215 $a150 p.$cill.$d26 cm 225 1 $aCollezione di monografie illustrate$hSerie 1$iItalia Artistica$v66 610 0 $aLombardia$aBrianza 700 1$aNebbia,$bUgo$f<1882-1965>$01470 801 0$aIT$bUNINA$gRICA$2UNIMARC 901 $aBK 912 $a990007510740403321 952 $aCons.3 D-05-066$bIst. 1654$fILFGE 952 $a21.140$b2976$fDARST 959 $aILFGE 959 $aDARST 996 $aBrianza$9683513 997 $aUNINA LEADER 02563nam 2200589Ia 450 001 9910457927503321 005 20200520144314.0 010 $a0-8157-5886-3 035 $a(CKB)1000000000347415 035 $a(EBL)275772 035 $a(OCoLC)476021158 035 $a(SSID)ssj0000261398 035 $a(PQKBManifestationID)11203437 035 $a(PQKBTitleCode)TC0000261398 035 $a(PQKBWorkID)10255979 035 $a(PQKB)10505698 035 $a(MiAaPQ)EBC275772 035 $a(OCoLC)76967694 035 $a(MdBmJHUP)muse35359 035 $a(Au-PeEL)EBL275772 035 $a(CaPaEBR)ebr10149863 035 $a(OCoLC)437175012 035 $a(EXLCZ)991000000000347415 100 $a20060602d2006 uy 0 101 0 $aeng 135 $aur|n|---||||| 181 $ctxt 182 $cc 183 $acr 200 10$aTransforming East Asia$b[electronic resource] $ethe evolution of regional economic integration /$fNaoko Munakata 210 $aTokyo $cResearch Institute of Economy, Trade and Industry ;$aWashington, D.C. $cBrookings Institution Press$dc2006 215 $a1 online resource (281 p.) 300 $aDescription based upon print version of record. 311 $a0-8157-5887-1 320 $aIncludes bibliographical references (p. 187-244) and index. 327 $aEast Asia in transition -- The new East Asian regionalism -- The state of regionalization -- Competing proposals for regionalism -- The primacy of the Asia Pacific economic cooperation -- New assumptions about regionalism -- The race for a free trade agreement -- Major powers and East Asian economic integration -- How economic integration changed East Asia. 330 $a"Analyzes developments in the region since the mid-1980s, highlighting such factors as the evolution of Asia-Pacific Economic Cooperation, the impact of the 1997-98 Asian financial crisis, and the rise of China. Outlines possible future scenarios for the region and offers policy prescriptions for building on regionalism's achievements to date"--Provided by publisher. 606 $aRegionalism$zEast Asia 607 $aEast Asia$xEconomic integration 607 $aEast Asia$xCommerce 607 $aEast Asia$xEconomic conditions$y20th century 608 $aElectronic books. 615 0$aRegionalism 676 $a337.1/5 700 $aMunakata$b Naoko$f1962-$01027840 801 0$bMiAaPQ 801 1$bMiAaPQ 801 2$bMiAaPQ 906 $aBOOK 912 $a9910457927503321 996 $aTransforming East Asia$92443527 997 $aUNINA